Statistiques concernant Carte d'Europe pixelisée

Cliquez ici pour prendre le quiz!

Statistiques générales

  • Ce quiz a été pris 4,803 fois
  • Le résultat moyen est 265 sur 279

Statistiques - réponses

Pays % Correct
France
100%
Espagne
99%
Allemagne
99%
Portugal
99%
Italie
99%
Belgique
98%
Royaume-Uni
98%
Ukraine / Russie
98%
Irlande
98%
Russie
97%
Norvège
97%
Suisse
97%
Suède
97%
Grèce
96%
Pays-Bas
96%
Islande
96%
Finlande
95%
Pologne
94%
Danemark
94%
Estonie
92%
Lettonie
91%
Lituanie
91%
Autriche
90%
Roumanie
89%
Croatie
88%
Ukraine
88%
Biélorussie
86%
Hongrie
85%
République tchèque
85%
Slovaquie
84%
Slovénie
83%
Bulgarie
81%
Serbie
80%
Bosnie-Herzégovine
77%
Monténégro
74%
Kosovo
73%
Moldavie
72%

Distribution des résultats

Percentile par nombre de réponses

% des personnes avec chaque résultat

Votre développement - résultats

Vous n’avez pas pris ce quiz